Philippines : From crisis to opportunity

Guardado en:
Detalles Bibliográficos
Autor Corporativo: The World Bank
Formato: Libro
Lenguaje:Undetermined
Publicado: Washington, D.C The World Bank 1999
Materias:
Etiquetas: Agregar Etiqueta
Sin Etiquetas, Sea el primero en etiquetar este registro!
Thư viện lưu trữ: Trung tâm Học liệu Trường Đại học Cần Thơ
LEADER 00631nam a2200229Ia 4500
001 CTU_98024
008 210402s9999 xx 000 0 und d
082 |a 338.9599 
082 |b W927 
110 |a The World Bank 
245 0 |a Philippines : 
245 0 |b From crisis to opportunity 
245 4 |c The World Bank 
260 |a Washington, D.C 
260 |b The World Bank 
260 |c 1999 
650 |a Philippines,Philippines,Economic assistance 
650 |x Economic policy,Economic conditions 
650 |y 1986 
650 |z Philippines 
904 |i Minh 
980 |a Trung tâm Học liệu Trường Đại học Cần Thơ